Statistics for Better Call Saul Quiz

Click here to take the quiz!

General Stats

  • This quiz has been taken 36 times
    (30 since last reset)
  • The average score is 13 of 39

Answer Stats

HintAnswer% Correct
What Is Saul Goodman's Real Name?Jimmy McGill
100%
Who Is Saul's Wife?Kim Wexler
84%
Who Was Saul's Brother?Chuck
79%
Who Worked As A Parking Attendant At The Public Defenders Office?Mike
79%
What Is The Name Of His Law firm He Built?HHM
74%
Who Also Helped Build ^?Howard Hamlin
68%
Who Owns Los Pollos Hermanos?Gustavo Fring
63%
What Was ^'s Nickname?Nacho
63%
What Was Saul's Nickname When He Was A Kid?Slipping Jimmy
63%
When Saul Met Two Skateboard Scammers In Season 1, They Went To Tuco's House And Called His Abuelita A ________?Biznatch
47%
Who Was The Salamanca Who Came To Saul Looking For Legal Help?Lalo
47%
#8 Switched Hector Salamanca's Heart Medications For _____ Pills?Sugar
47%
What Did Tuco Do To Them?Broke Their Legs
42%
On Saul's New Suitcase, It Has The Letters JMM On It. What Does He Say It Stands For?Justice Matters Most
42%
What Was The Name Of The Bank Kim Was In Charge Of Representing?Mesa Verde
42%
Where Was ^ Working?A Cinnabon
37%
What Was Saul's First Class Action Case?Sandpiper
37%
Where Did ^ And Saul Get Married?The Courthouse
37%
What Did Saul's Brother Refer To Him As Slipping Jimmy With A Law Degree?A Chimp With A Machinegun
26%
After #14 Offered Saul A Job At HHM, What Did He Throw On His Car That Night?Bowling Balls
26%
Where Did ^ Want His Secret Meth Lab To Be Under?A Laundromat
21%
What Was Saul's New Name In Omaha?Gene Takovic
21%
Who Usually Did Business With Tuco Before He Got Arrested?Ignacio Varga
21%
Who Was The Leader Of The Construction Team Building The Secret Meth Lab?Werner Zeigler
21%
How Much Money Was Saul Supposed To Pick Up For #23?7 Million Dollars
16%
What Is The Fancy Word For Saul's Brother's Condition?Electromagnetic Hypersensitivity
16%
Who Was Saul's Receptionist?Francesca
16%
Who Killed #14?Lalo Salamanca
16%
Saul Has A Ring With A Purple Stone In It That He Wears On What Finger?Pinky
16%
What Was The Suburb Of Chicago Where Saul Lived?Cicero
11%
Who Got Killed In The Pool In Breaking Bad?Don Eladio
11%
What Was #23's "Name" In Court?Jorge De Guzman
11%
#23 Said That The JMM On Saul's Briefcase Should Stand For What?Just Make Money
11%
What Was ^'s Wife's Name?Margarethe
11%
Who Was The Mastermind Who Created Breaking Bad And Better Call Saul?Vince Gilligan
11%
How Old Was The Kid #23 Killed?22
5%
What Are The Numbers On "The Chicken Man's" House?1213
0%
What Did #8 Call #23?A Soulless Pig
0%
What Material Is Howard Hamlin's Ties Made Of?Yarn
0%

Score Distribution

Percentile by Number Answered

Percent of People with Each Score

Your Score History

You have not taken this quiz since the last reset